Formula-E Drivers 2019/20 - Statistics

General Stats
  • This quiz has been taken 26 times
  • The average score is 8 of 24
Answer Stats
Team Country Driver % Correct
Mercedes-Benz EQ NED Nyck de Vries
81%
Nissan e.dams SUI Sébastien Buemi
57%
Mercedes-Benz EQ BEL Stoffel Vandoorne
57%
DS Techeetah POR António Félix da Costa
52%
DS Techeetah FRA Jean-Éric Vergne
52%
Envision Virgin Racing GBR Sam Bird
52%
ROKiT Venturi Racing BRA Felipe Massa
48%
Audi Sport ABT Schaeffler BRA Lucas di Grassi
43%
TAG Heuer Porsche GER André Lotterer
33%
NIO 333 GER Daniel Abt
33%
Mahindra Racing BEL Jérôme d'Ambrosio
33%
Envision Virgin Racing NED Robin Frijns
33%
BMW i Andretti Motorsport GER Maximilian Günther
29%
BMW i Andretti Motorsport GBR Alexander Sims
24%
ROKiT Venturi Racing SUI Edoardo Mortara
24%
Panasonic Jaguar Racing NZL Mitch Evans
24%
TAG Heuer Porsche SUI Neel Jani
24%
NIO 333 GBR Oliver Turvey
24%
Audi Sport ABT Schaeffler GER René Rast
24%
Dragon / Penske Autosport BRA Sérgio Sette Câmara
24%
Dragon / Penske Autosport SUI Nico Müller
19%
Mahindra Racing GBR Alex Lynn
14%
Nissan e.dams GBR Oliver Rowland
14%
Panasonic Jaguar Racing GBR Tom Blomqvist
14%
No matching quizzes found
Score Distribution
Percent of People with Each Score
Percentile by Number Answered
Your Score History
You have not taken this quiz